000
00331nam a2200133Ia 4500
008
240624s9999 xx 000 0 und d
041
_a
eng
082
_a
338.1 LAP
100
_a
LAPPE MOORE FRANCES
245
_a
WORLD HUNGER 10 MYTHS
260
_c
2015
_a
New Jersey
_b
Grove Press
300
_a
xiii,396P. ; 23cm.
365
_c
_b
33
999
_c
32810
_d
32810